000 01466cam a2200349 a 4500
001 9002679
003 ARRUPE
005 20150827104159.0
008 110623s2011 sa 000 f eng d
020 _a9780143527534
020 _a0143527533
035 _a(OCoLC)ocn732596466
035 _a(OCoLC)732596466
035 _a(NNC)9002679
040 _aOI@
_cOI@
_dYDXCP
_dNZPPC
_dNNC
050 4 _aPR9369.4.B35
_bP38 2011
082 0 4 _a823.92
_222
100 1 _aBanda-Aaku, Ellen.
_918921
245 1 0 _aPatchwork /
_cEllen Banda-Aaku.
260 _aJohannesburg :
_bPenguin Books,
_c2011.
300 _aviii, 216 p. ;
_c20 cm.
490 1 _aPenguin African writers
520 _a"Lusaka. 1978. Pumpkin is nine years old. Her fashionable mother is the queen of Tudu Court, but underneath the veneer of respectability that her father's money provides lies a secret that threatens their whole world - the tall, elegant Totela Ponga is a drunk. ... Weaving together the stories of three generations of women, this novel is a patchwork of love, jealousy and human frailty set against a background of war and political ambition."--Back cover.
650 0 _aFamilies
_vFiction.
_918922
650 0 _aMothers and daughters
_vFiction.
_914354
650 0 _aWomen alcoholics
_vFiction.
_918923
830 0 _aPenguin African writers.
_918924
942 _2lcc
_cMONOGRAPH
948 1 _a20110916
_bc
_cjeb52
_dMPS
948 2 _a20111003
_bn
_cdm820
_dMPS
999 _c123137
_d123137